| Поле | Инд. | ПП | Название | Значение |
|---|---|---|---|---|
| Тип записи | a | |||
| Библиографический уровень | b | |||
| 001 | Контрольный номер | RU/IS/BASE/375804128 | ||
| 005 | Дата корректировки | 20200630193222.2 | ||
| 008 | Кодируемые данные | 20111128 | ||
| 084 | a | Индекс другой классификации/Индекс ББК | 67.400.7(2Рос) | |
| 100 | 1_ | a | Автор | Бойков Д. В. |
| q | Полное имя | Бойков Денис Витальевич | ||
| 245 | a | Заглавие | Неопределенность муниципальной территориальной структуры: перспективы развития существующих вариаций городских округов | |
| 500 | a | Примечание | Аннотация статьи на английском языке: с. 186 | |
| 504 | a | Библиография | Лит. | |
| 520 | a | Аннотация | Эмпирические исследования фиксируют несбалансированность муниципальной территориальной структуры, особенно четко проявившаяся в городских округах. Рассмотрен феномен территориальной структуры, как территориальные формы, не зависящие от географических районов и субъектов РФ. Дана характеристика существующим формам городских округов, а также сделан прогноз относительно возможных перспектив их развития. Выделено 3 "подвида" городских округов: "острожный", "уездный" и "агломеративный". | |
| 650 | a | Основная рубрика | конституционное право (государственное право) | |
| a | Основная рубрика | местное самоуправление | ||
| a | Основная рубрика | право | ||
| 653 | a | Ключевые слова | городской округ | |
| a | Ключевые слова | Калининградская область | ||
| a | Ключевые слова | Костромская область | ||
| a | Ключевые слова | Краснодарский край | ||
| a | Ключевые слова | муниципальная власть | ||
| a | Ключевые слова | муниципальные образования | ||
| a | Ключевые слова | муниципальные территории | ||
| a | Ключевые слова | Новосибирская область | ||
| a | Ключевые слова | органы местного самоуправления | ||
| a | Ключевые слова | регионы России | ||
| a | Ключевые слова | реформирование территориальной структуры | ||
| a | Ключевые слова | Россия | ||
| a | Ключевые слова | Ростовская область | ||
| a | Ключевые слова | Свердловская область | ||
| a | Ключевые слова | Тверская область | ||
| a | Ключевые слова | территориальная структура | ||
| 773 | t | Заглавие источника | Вопросы государственного и муниципального управления | |
| d | Дата издания источника | 2011 | ||
| g | Прочая информация | № 3. - С. 125 - 130 : табл. | ||
| w | Контрольный № источника | RU/IS/BASE/374262434 | ||
| 901 | t | Тип документа | b |